000 00542cam a2200205 4500
001 2650065
005 20180223072858.0
008 690729r19691958nyuc b 001 0 eng
010 _a 68058667
040 _aDLC
_cDLC
_dDLC
041 _aeng
080 _a330.08
082 0 0 _a330.08 WIC
100 1 _a52
101 _aEKO
245 1 0 _aSelected papers on economic theory.
_cEdited with an introd. by Erik Lindahl.
504 _aBibliographical footnotes.
906 _a7
_bcbc
_corignew
_du
_encip
_f19
_gy-gencatlg
942 _2ddc
_cBK
999 _c43261
_d43261